| 000 | 00459cam a2200193 4500 | ||
|---|---|---|---|
| 001 | D13728 | ||
| 008 | 090401t1951 xxu||||| |||| 00| 0 eng d | ||
| 035 | _a(Sirsi) u11338 | ||
| 041 | _aeng | ||
| 100 | _aRobb, G.G.G. | ||
| 245 | 3 | _aAn outline of the law of mortgages and receiverships | |
| 250 | _a3rd | ||
| 260 |
_aLondon _bEstates Gazette _c1951 |
||
| 350 | _a0 | ||
| 520 | _aShelf 132 | ||
| 700 | _aNokes, G.D. | ||
| 942 | _n0 | ||
| 948 | _c04/03/1997 | ||
| 999 |
_c86856 _d86856 |
||